书目信息 |
| 题名: |
傲慢与偏见
|
|
| 作者: | 奥斯汀, 原著 ;杜萨特, , 高嘉勇 导读 | |
| 分册: | ||
| 出版信息: | 天津 天津科技翻译出版公司 2003.09 |
|
| 页数: | 165页 | |
| 开本: | 21cm | |
| 丛书名: | 哈佛蓝星双语名著导读 | |
| 单 册: | ||
| 中图分类: | H319.4:I | |
| 科图分类: | ||
| 主题词: | 英语--ying yu--汉语--对照读物 | |
| 电子资源: | ||
| ISBN: | 7-5433-1651-X | |
| 000 | 01493nam 2200301 450 | |
| 001 | 012006267110 | |
| 005 | 20060308173518.49 | |
| 010 | @a7-5433-1651-X@dCNY8.00 | |
| 100 | @a20060308d2003 km y0chiy0120 ea | |
| 101 | 2 | @achi@aeng@ceng |
| 102 | @aCN@b120000 | |
| 105 | @ay z 000yy | |
| 200 | 1 | @a傲慢与偏见@Aao man yu pian jian@d= Pride and prejudice@f(英) Jane Austen原著@F(ying)Jane Austen yuan zhu@gRoss Douthat导读@GRoss Douthat dao du@g高嘉勇翻译@Ggao jia yong fan yi@zeng |
| 210 | @a天津@c天津科技翻译出版公司@d2003.09 | |
| 215 | @a165页@d21cm | |
| 225 | 2 | @a哈佛蓝星双语名著导读@Aha fo lan xing shuang yu ming zhu dao du |
| 306 | @aSparkNotes LLC授权 | |
| 314 | @a责任者Austen规范汉译姓: 奥斯汀; 责任者Douthat规范汉译姓: 杜萨特 | |
| 330 | @a天津科技翻译出版公司精心挑选了50本“哈佛蓝星名著导读”,将其翻译并制作成为英汉对照的导读本,并对文中的知识要点做了详细注释,使其更加适合你的阅读需要。每一本蓝星导读都包括著作的创作背景、情节概览、人物分析、主题解析、篇章讲解、重要引文释义、作品档案,并且附有相关的思考题,推荐的论文题,阅读后的小测验、要点注释,以及推荐阅读篇目。 | |
| 410 | 0 | @12001 @a哈佛蓝星双语名著导读 |
| 510 | 1 | @aPride and prejudice@zeng |
| 606 | 0 | @a英语@Aying yu@x汉语@x对照读物 |
| 690 | @aH319.4:I@v4 | |
| 701 | 1 | @a奥斯汀,@Aao si ting,@bJ.@g(Austen, Jane),@f1775-1817@4原著 |
| 702 | 1 | @a杜萨特,@Adu sa te,@bB.@g(Douthat, Ross)@4导读 |
| 702 | 0 | @a高嘉勇@Agao jia yong@4翻译 |
| 801 | 0 | @aCN@bQSSK@c20060308 |
| 905 | @a10447@dH319.4:I@eA762 | |
| 傲慢与偏见= Pride and prejudice/(英) Jane Austen原著/Ross Douthat导读/高嘉勇翻译.-天津:天津科技翻译出版公司,2003.09 |
| 165页;21cm.-(哈佛蓝星双语名著导读) |
| ISBN 7-5433-1651-X:CNY8.00 |
| 天津科技翻译出版公司精心挑选了50本“哈佛蓝星名著导读”,将其翻译并制作成为英汉对照的导读本,并对文中的知识要点做了详细注释,使其更加适合你的阅读需要。每一本蓝星导读都包括著作的创作背景、情节概览、人物分析、主题解析、篇章讲解、重要引文释义、作品档案,并且附有相关的思考题,推荐的论文题,阅读后的小测验、要点注释,以及推荐阅读篇目。 |
| ● |
| 相关链接 |
|
|
|
正题名:傲慢与偏见
索取号:H319.4:I/A762
 
预约/预借
| 序号 | 登录号 | 条形码 | 馆藏地/架位号 | 状态 | 备注 |
| 1 | 555391 | 205553916 | 语言库209/209语言库 52排6列4层/ [索取号:H319.4:I/A762] | 在馆 | |
| 2 | 555392 | 205553925 | 语言库209/209语言库 52排6列4层/ [索取号:H319.4:I/A762] | 在馆 | |
| 3 | 555393 | 205553934 | 语言库209/209语言库 52排6列4层/ [索取号:H319.4:I/A762] | 在馆 |